000 02205nam0a2200373 4500
001 RU\NLR\BIBL_A\016341429
005 20260408083731.0
010 _a978-5-00172-133-8
_9500
035 _a(NLR Aleph) 016341429
090 _a13092790
_c13092790
100 _a20230412d2021 |||y0rusy50 ca
101 0 _arus
102 _aRU
105 _aa|||j|||000yy
181 0 _ai
_baxxe
182 0 _an
200 1 _aВнутренний контроль в управлении рисками хозяйствующих субъектов
_eучебное пособие
_fЗемсков В. В., Прасолов В.И., Саркисян К. С. [и др.]
_gпод общей редакцией В. В. Земскова, В. И. Прасолова
_gФедеральное государственное бюджетное образовательное учреждение высшего образования "Финансовый университет при Правительстве Российской Федерации" (Финансовый университет)
203 _aТекст
_bвизуальный
_cнепосредственный
210 _aМосква
_cПрометей
_d2021
215 _a375, [1] с.
_cил., табл.
_d21
300 _aАвт. указаны на обороте тит. с.
320 _aБиблиогр.: с. 371-376 (55 назв.)
606 1 _aПредприятия
_jУчебные издания для высших учебных заведений
_xВнутренний контроль
_92182063
_3RU\NLR\AUTH\661312121
686 1 _aУ29(0)я73
686 1 _aУ052.9(2)229-218(2Р)я73
701 1 _aЗемсков
_bВ. В.
_gВладимир Васильевич
701 1 _aПрасолов
_bВ. И.
_gВалерий Иванович
701 1 _aСаркисян
_bК. С.
_gКарина Суреновна
712 0 2 _4570
_aФинансовый университет при Правительстве Российской Федерации
_cМосква
_9838093
_3RU\NLR\AUTH\8810171129
942 _cBOOK
980 _aNB